|
|
|
|
| LEADER |
08164nam a22005537a 4500 |
| 001 |
44296 |
| 003 |
BD-DhAAL |
| 005 |
20250413163044.0 |
| 008 |
250410r20242021ii a|||| b||| 001 0 eng d |
| 020 |
|
|
|a 9789390727353
|
| 020 |
|
|
|a 9390727359
|
| 040 |
|
|
|a BD-DhAAL
|
| 082 |
|
|
|a 511
|2 23
|
| 100 |
|
|
|a Rosen, Kenneth H.,
|9 57565
|
| 245 |
|
|
|a Discrete mathematics and its applications /
|c Kenneth H. Rosen; Indian adaptation by Kamala Krithivasan
|
| 250 |
|
|
|a Eighth edition.
|
| 260 |
|
|
|a Chennai, India :
|b McGraw Hill Education (India) Private Limited,
|c 2021 [Eighth reprinted 2024].
|
| 300 |
|
|
|a xxvi, 1068, A-14, S-100, B-10, I-25 pages :
|b illustrations ;
|c 27 cm
|
| 500 |
|
|
|a Special Indian edition
|
| 500 |
|
|
|a AICTE syllabus recommended book covers AICTE model curriculum
|
| 504 |
|
|
|a Includes bibliographical references and index.
|
| 505 |
|
|
|a 1. The Foundations: Logic and Proofs
2. Basic Structures: Sets, Functions, Sequences, Sums, and Matrices
3. Algorithms
4. Number Theory and Cryptography
5. Induction and Recursion
6. Counting
7. Advanced Counting Techniques
8. Relations
9. Graphs
10. Trees
11. Boolean Algebra
12. Algebraic Structures and Coding Theory
13. Modeling Computation
|
| 526 |
|
|
|a CSE
|x Mirza MD. Tanjim Shorif Mugdho
Lecturer
Department of Computer Science and Engineering
Course name and no.: Discrete Mathematics(CSE 230)
|
| 541 |
|
|
|a Book Finder International
|e 44296, 44297, 44298
|
| 650 |
|
|
|a Mathematics.
|
| 650 |
|
|
|a Computer science
|x Mathematics.
|
| 852 |
|
|
|a Ayesha Abed Library
|c General Stacks
|
| 942 |
|
|
|2 ddc
|c BK
|
| 999 |
|
|
|c 47236
|d 47236
|
| 952 |
|
|
|0 0
|1 0
|2 ddc
|4 0
|6 511_000000000000000_ROS
|7 0
|9 77548
|a BRACUL
|b BRACUL
|c GEN
|d 2025-03-20
|e Book Finder International
|g 1665.00
|l 4
|m 31
|o 511 ROS
|p 3010044309
|q 2026-06-02
|r 2026-02-03
|s 2026-02-03
|t 14
|v 1665.00
|w 2025-03-20
|y BK
|x Requisitioned by Mirza MD. Tanjim Shorif Mugdho for the course named Discrete Mathematics‘’(CSE230)’’
|
| 952 |
|
|
|0 0
|1 0
|2 ddc
|4 0
|6 511_000000000000000_ROS
|7 0
|9 77549
|a BRACUL
|b BRACUL
|c CIR
|d 2025-03-20
|e Book Finder International
|g 1665.00
|l 6
|o 511 ROS
|p 3010044296
|r 2026-05-16
|s 2026-05-16
|t 1
|v 1665.00
|w 2025-03-20
|y 1HOUR
|x Requisitioned by Mirza MD. Tanjim Shorif Mugdho for the course named Discrete Mathematics‘’(CSE230)’’
|
| 952 |
|
|
|0 0
|1 0
|2 ddc
|4 0
|6 511_000000000000000_ROS
|7 0
|9 77550
|a BRACUL
|b BRACUL
|c GEN
|d 2025-03-20
|e Book Finder International
|g 1665.00
|l 1
|m 16
|o 511 ROS
|p 3010044298
|r 2025-10-09
|s 2025-07-23
|t 3
|v 1665.00
|w 2025-03-20
|y BK
|x Requisitioned by Mirza MD. Tanjim Shorif Mugdho for the course named Discrete Mathematics‘’(CSE230)’’
|
| 952 |
|
|
|0 0
|1 0
|2 ddc
|4 0
|6 511_000000000000000_ROS
|7 0
|9 77551
|a BRACUL
|b BRACUL
|c GEN
|d 2025-03-20
|e Book Finder International
|g 1665.00
|l 2
|o 511 ROS
|p 3010044300
|r 2026-02-25
|s 2026-02-18
|t 5
|v 1665.00
|w 2025-03-20
|y BK
|x Requisitioned by Mirza MD. Tanjim Shorif Mugdho for the course named Discrete Mathematics‘’(CSE230)’’
|
| 952 |
|
|
|0 0
|1 0
|2 ddc
|4 0
|6 511_000000000000000_ROS
|7 0
|9 77552
|a BRACUL
|b BRACUL
|c GEN
|d 2025-03-20
|e Book Finder International
|g 1665.00
|l 4
|m 20
|o 511 ROS
|p 3010044301
|q 2026-06-02
|r 2026-01-04
|s 2026-01-04
|t 6
|v 1665.00
|w 2025-03-20
|y BK
|x Requisitioned by Mirza MD. Tanjim Shorif Mugdho for the course named Discrete Mathematics‘’(CSE230)’’
|
| 952 |
|
|
|0 0
|1 0
|2 ddc
|4 0
|6 511_000000000000000_ROS
|7 0
|9 77553
|a BRACUL
|b BRACUL
|c GEN
|d 2025-03-20
|e Book Finder International
|g 1665.00
|l 2
|m 8
|o 511 ROS
|p 3010044299
|r 2026-03-08
|s 2026-02-03
|t 4
|v 1665.00
|w 2025-03-20
|y BK
|x Requisitioned by Mirza MD. Tanjim Shorif Mugdho for the course named Discrete Mathematics‘’(CSE230)’’
|
| 952 |
|
|
|0 0
|1 0
|2 ddc
|4 0
|6 511_000000000000000_ROS
|7 0
|9 77554
|a BRACUL
|b BRACUL
|c GEN
|d 2025-03-20
|e Book Finder International
|g 1665.00
|l 3
|m 37
|o 511 ROS
|p 3020044311
|r 2026-02-28
|s 2025-10-13
|t 16
|v 1665.00
|w 2025-03-20
|y BK
|x Requisitioned by Mirza MD. Tanjim Shorif Mugdho for the course named Discrete Mathematics‘’(CSE230)’’
|
| 952 |
|
|
|0 0
|1 0
|2 ddc
|4 0
|6 511_000000000000000_ROS
|7 0
|9 77555
|a BRACUL
|b BRACUL
|c GEN
|d 2025-03-20
|e Book Finder International
|g 1665.00
|l 3
|m 19
|o 511 ROS
|p 3010044310
|r 2026-05-07
|s 2026-03-04
|t 15
|v 1665.00
|w 2025-03-20
|y BK
|x Requisitioned by Mirza MD. Tanjim Shorif Mugdho for the course named Discrete Mathematics‘’(CSE230)’’
|
| 952 |
|
|
|0 0
|1 0
|2 ddc
|4 0
|6 511_000000000000000_ROS
|7 0
|9 77556
|a BRACUL
|b BRACUL
|c GEN
|d 2025-03-20
|e Book Finder International
|g 1665.00
|l 2
|m 12
|o 511 ROS
|p 3010044308
|r 2026-05-16
|s 2026-05-14
|t 13
|v 1665.00
|w 2025-03-20
|y BK
|x Requisitioned by Mirza MD. Tanjim Shorif Mugdho for the course named Discrete Mathematics‘’(CSE230)’’
|
| 952 |
|
|
|0 0
|1 0
|2 ddc
|4 0
|6 511_000000000000000_ROS
|7 0
|9 77557
|a BRACUL
|b BRACUL
|c GEN
|d 2025-03-20
|e Book Finder International
|g 1665.00
|l 3
|m 44
|o 511 ROS
|p 3020044304
|r 2026-05-16
|s 2026-02-02
|t 9
|v 1665.00
|w 2025-03-20
|y BK
|x Requisitioned by Mirza MD. Tanjim Shorif Mugdho for the course named Discrete Mathematics‘’(CSE230)’’
|
| 952 |
|
|
|0 0
|1 0
|2 ddc
|4 0
|6 511_000000000000000_ROS
|7 0
|9 77558
|a BRACUL
|b BRACUL
|c GEN
|d 2025-03-20
|e Book Finder International
|g 1665.00
|l 4
|m 37
|o 511 ROS
|p 3010044313
|q 2026-04-05
|r 2025-10-11
|s 2025-10-11
|t 18
|v 1665.00
|w 2025-03-20
|y BK
|x Requisitioned by Mirza MD. Tanjim Shorif Mugdho for the course named Discrete Mathematics‘’(CSE230)’’
|
| 952 |
|
|
|0 0
|1 0
|2 ddc
|4 0
|6 511_000000000000000_ROS
|7 0
|9 77559
|a BRACUL
|b BRACUL
|c GEN
|d 2025-03-20
|e Book Finder International
|g 1665.00
|l 3
|m 60
|o 511 ROS
|p 3010044306
|q 2026-06-02
|r 2026-02-03
|s 2026-02-03
|t 11
|v 1665.00
|w 2025-03-20
|y BK
|x Requisitioned by Mirza MD. Tanjim Shorif Mugdho for the course named Discrete Mathematics‘’(CSE230)’’
|
| 952 |
|
|
|0 0
|1 0
|2 ddc
|4 0
|6 511_000000000000000_ROS
|7 0
|9 77560
|a BRACUL
|b BRACUL
|c GEN
|d 2025-03-20
|e Book Finder International
|g 1665.00
|l 4
|m 40
|o 511 ROS
|p 3010044315
|q 2026-06-02
|r 2026-01-27
|s 2026-01-27
|t 20
|v 1665.00
|w 2025-03-20
|y BK
|x Requisitioned by Mirza MD. Tanjim Shorif Mugdho for the course named Discrete Mathematics‘’(CSE230)’’
|
| 952 |
|
|
|0 0
|1 0
|2 ddc
|4 0
|6 511_000000000000000_ROS
|7 0
|9 77561
|a BRACUL
|b BRACUL
|c GEN
|d 2025-03-20
|e Book Finder International
|g 1665.00
|l 2
|m 16
|o 511 ROS
|p 3020044303
|r 2026-01-21
|s 2025-10-08
|t 8
|v 1665.00
|w 2025-03-20
|y BK
|x Requisitioned by Mirza MD. Tanjim Shorif Mugdho for the course named Discrete Mathematics‘’(CSE230)’’
|
| 952 |
|
|
|0 0
|1 0
|2 ddc
|4 0
|6 511_000000000000000_ROS
|7 0
|9 77562
|a BRACUL
|b BRACUL
|c GEN
|d 2025-03-20
|e Book Finder International
|g 1665.00
|l 3
|m 31
|o 511 ROS
|p 3010044305
|q 2026-06-02
|r 2026-02-03
|s 2026-02-03
|t 10
|v 1665.00
|w 2025-03-20
|y BK
|x Requisitioned by Mirza MD. Tanjim Shorif Mugdho for the course named Discrete Mathematics‘’(CSE230)’’
|
| 952 |
|
|
|0 0
|1 0
|2 ddc
|4 0
|6 511_000000000000000_ROS
|7 0
|9 77563
|a BRACUL
|b BRACUL
|c GEN
|d 2025-03-20
|e Book Finder International
|g 1665.00
|l 3
|m 12
|o 511 ROS
|p 3010044312
|r 2026-05-14
|s 2026-05-04
|t 17
|v 1665.00
|w 2025-03-20
|y BK
|x Requisitioned by Mirza MD. Tanjim Shorif Mugdho for the course named Discrete Mathematics‘’(CSE230)’’
|
| 952 |
|
|
|0 0
|1 0
|2 ddc
|4 0
|6 511_000000000000000_ROS
|7 0
|9 77564
|a BRACUL
|b BRACUL
|c GEN
|d 2025-03-20
|e Book Finder International
|g 1665.00
|l 2
|m 28
|o 511 ROS
|p 3020044307
|r 2026-01-18
|s 2025-10-09
|t 12
|v 1665.00
|w 2025-03-20
|y BK
|x Requisitioned by Mirza MD. Tanjim Shorif Mugdho for the course named Discrete Mathematics‘’(CSE230)’’
|
| 952 |
|
|
|0 0
|1 0
|2 ddc
|4 0
|6 511_000000000000000_ROS
|7 0
|9 77565
|a BRACUL
|b BRACUL
|c CIR
|d 2025-03-20
|e Book Finder International
|g 1665.00
|l 2
|o 511 ROS
|p 3010044297
|r 2025-06-29
|s 2025-06-29
|t 2
|v 1665.00
|w 2025-03-20
|y 1HOUR
|x Requisitioned by Mirza MD. Tanjim Shorif Mugdho for the course named Discrete Mathematics‘’(CSE230)’’
|
| 952 |
|
|
|0 0
|1 0
|2 ddc
|4 0
|6 511_000000000000000_ROS
|7 0
|9 77566
|a BRACUL
|b BRACUL
|c GEN
|d 2025-03-20
|e Book Finder International
|g 1665.00
|l 3
|m 14
|o 511 ROS
|p 3010044302
|r 2026-01-11
|s 2025-10-08
|t 7
|v 1665.00
|w 2025-03-20
|y BK
|x Requisitioned by Mirza MD. Tanjim Shorif Mugdho for the course named Discrete Mathematics‘’(CSE230)’’
|
| 952 |
|
|
|0 0
|1 0
|2 ddc
|4 0
|6 511_000000000000000_ROS
|7 0
|9 77567
|a BRACUL
|b BRACUL
|c GEN
|d 2025-03-20
|e Book Finder International
|g 1665.00
|l 7
|m 13
|o 511 ROS
|p 3020044314
|r 2025-11-11
|s 2025-10-07
|t 19
|v 1665.00
|w 2025-03-20
|y BK
|x Requisitioned by Mirza MD. Tanjim Shorif Mugdho for the course named Discrete Mathematics‘’(CSE230)’’
|